Impuesto al valor agregado (Registro nro. 4792)
[ vista simple ]
| 000 -LEADER | |
|---|---|
| fixed length control field | 01352 a2200265 4500 |
| 001 - CONTROL NUMBER | |
| control field | 49285 |
| 005 - DATE AND TIME OF LATEST TRANSACTION | |
| control field | 20260407155756.0 |
| 008 - FIXED-LENGTH DATA ELEMENTS--GENERAL INFORMATION | |
| fixed length control field | 260407a2019 arg spa d |
| 003 - CONTROL NUMBER IDENTIFIER | |
| control field | AR-UNSa-BCEJYS |
| 040 ## - CATALOGING SOURCE | |
| Original cataloging agency | AR-UNSa-BCEJYS |
| Language of cataloging | spa |
| Transcribing agency | AR-UNSa-BCEJYS |
| 080 ## - UNIVERSAL DECIMAL CLASSIFICATION NUMBER | |
| Universal Decimal Classification number | 336.226.3 |
| Common auxiliary subdivision | Impuestos por el uso de los ingresos. Impuestos al consumo. IVA |
| 020 ## - INTERNATIONAL STANDARD BOOK NUMBER | |
| International Standard Book Number | 978-987-01-2303-3 |
| 041 ## - LANGUAGE CODE | |
| Language code of text/sound track or separate title | spa |
| 100 1# - MAIN ENTRY--PERSONAL NAME | |
| Personal name | Celdeiro, Ernesto Carlos |
| 245 10 - TITLE STATEMENT | |
| Title | Impuesto al valor agregado |
| Name of part/section of a work | explicado y comentado |
| 250 ## - EDITION STATEMENT | |
| Edition statement | 13a. ed. |
| 264 #1 - PRODUCTION, PUBLICATION, DISTRIBUTION, MANUFACTURE, AND COPYRIGHT NOTICE | |
| Place of production, publication, distribution, manufacture | Buenos Aires : |
| Name of producer, publisher, distributor, manufacturer | Errepar |
| Date of production, publication, distribution, manufacture, or copyright notice | 2019 |
| 300 ## - PHYSICAL DESCRIPTION | |
| Extent | x, 180 p. |
| Dimensions | 27 cm. |
| 505 ## - FORMATTED CONTENTS NOTE | |
| Formatted contents note | 1. Aspectos teóricos de la imposición al consumo - 2. Estructura de la Ley en la legislación argentina - 3. Venta de cosas muebles - 4. Obras, locaciones y prestaciones de servicios gravados - 5. Importación definitiva de cosas muebles - 6. Importación de servicios - 7. Exenciones - 8. Base imponible.L:10 - 9. Alícuotas - 10. Débito fiscal - 11. Crédito fiscal - 12. Declaración jurada - 13. Operatorias en las que la determinación del impuesto ofrece características especiales. |
| 590 ## - LOCAL NOTE (RLIN) | |
| Local note | niveau_biblio:m niveau_hierar:0 |
| 700 1# - ADDED ENTRY--PERSONAL NAME | |
| Personal name | Imirizaldu, Juan José |
| 700 1# - ADDED ENTRY--PERSONAL NAME | |
| Personal name | Rofrano, Guido Omar |
| 856 41 - ELECTRONIC LOCATION AND ACCESS | |
| Uniform Resource Identifier | <a href="https://www.biblioeco.unsa.edu.ar/pmb/images/libros/L127931.jpg">https://www.biblioeco.unsa.edu.ar/pmb/images/libros/L127931.jpg</a> |
| Link text | Imagen de portada |
| Electronic format type | image/jpeg |
| 942 ## - ADDED ENTRY ELEMENTS (KOHA) | |
| Koha item type | |
| Withdrawn status | Lost status | Damaged status | Not for loan | Home library | Current library | Shelving location | Date acquired | Total checkouts | Full call number | Barcode | Date last seen | Price effective from | Koha item type | Public note |
|---|---|---|---|---|---|---|---|---|---|---|---|---|---|---|
| Biblioteca Prof. Eusebio Cleto del Rey | Biblioteca Prof. Eusebio Cleto del Rey | 07/04/2026 | 336.226.3 C392 13ed. | L127931 | 07/04/2026 | 07/04/2026 | Libro | |||||||
| Biblioteca Prof. Eusebio Cleto del Rey | Biblioteca Prof. Eusebio Cleto del Rey | 07/04/2026 | 336.226.3 C392 13ed. | L127932 | 07/04/2026 | 07/04/2026 | Libro | PRIMERAS HOJAS ARRUGADAS | ||||||
| Biblioteca Prof. Eusebio Cleto del Rey | Biblioteca Prof. Eusebio Cleto del Rey | 07/04/2026 | 336.226.3 C392 13ed. | L127933 | 07/04/2026 | 07/04/2026 | Libro | PARTIDO EN PÀG 178 - ÙLTIMAS 3 PÀGINAS MANCHADAS | ||||||
| Biblioteca Prof. Eusebio Cleto del Rey | Biblioteca Prof. Eusebio Cleto del Rey | 07/04/2026 | 336.226.3 C392 13ed. | L128245 | 07/04/2026 | 07/04/2026 | Libro | TAPA DOBLADA - CANTO LATERAL CON MANCHITA |